Formal language aspects of natural computing: Proceedings of Research level group discussion meeting on natural computing held at IIT Madras, Chennai, November 2005 (Record no. 167838)

MARC details
000 -LEADER
fixed length control field 00531nam a2200145Ia 4500
008 - FIXED-LENGTH DATA ELEMENTS--GENERAL INFORMATION
fixed length control field 230917s9999||||xx |||||||||||||| ||und||
040 ## - CATALOGING SOURCE
-- 210305
Original cataloging agency VIVEKANANDA LIBRARY
041 ## - Language
-- English
082 ## - DDC NUMBER
Classification number 006 K899F
100 ## - MAIN ENTRY--PERSONAL NAME
Personal name Ramanujan Mathematical society, India
245 #0 - TITLE STATEMENT
Title Formal language aspects of natural computing: Proceedings of Research level group discussion meeting on natural computing held at IIT Madras, Chennai, November 2005
260 ## - PUBLICATION, DISTRIBUTION, ETC. (IMPRINT)
Place of publication, distribution, etc India
Name of publisher, distributor, etc Ramanujan Mathematical Society
Date of publication, distribution, etc 2007
300 ## - PHYSICAL DESCRIPTION
Pages iv, 224p p.
942 ## - ADDED ENTRY ELEMENTS (KOHA)
Koha item type Books
Holdings
Withdrawn status Lost status Damaged status Not for loan Location (home branch) Sublocation or collection (holding branch) Date acquired Koha issues (times borrowed) Koha full call number Accession No. Koha date last seen Koha item type
        VIVEKANANDA LIBRARY VIVEKANANDA LIBRARY 18/09/2013   006 K899F 311747 17/09/2023 Books
© Designed and Maintained by Vivekananda Library, MDU Rohtak